000 00941nam a2200301Ia 4500
001 24738
003 IT-RoPAU
008 130308s9999 xx 000 0 und d
040 _aIT-RoPAU
040 _cIT-RoPAU
041 _aITALIANO
100 _aDean Winton
100 _gCodice Aut. SPICS: 8830
245 _aBizet
245 _bBizet
250 _a1a ed.
260 _aTORINO
260 _bEDT
260 _c1980 [1° Ed.:1980 - Ed.Ling.Originale:1975]
300 _a"352 p. (prefazione: 8; testo: 344)"
500 _aTraduzione di Anna Levi Bassan Vita e Opere di Georges Bizet Evoluzione e Personalità Musicale di Bizet Musica Orchestrale musiche per pianoforte musiche Vocali Cronologia tra Bizet e Altri musicisti Contemporanei Catalogo Opere e Discografia di Bizet
650 _aAUTORI/OPERE DI MUSICA
650 _eCodice materia Spics: 7007
942 _cBK
957 _71
999 _c73759
_d73759
999 _bSI
999 _g1